Naší mládeži op. 12 : dětské album v klíči /

Hlavní autor: Procházka, Jan, 1853-1931
Jazyk: Nelze použít, není lingvistický obsah
Vydáno: Praha : Mojmír Urbánek, [1900?]
Edice: Edition M. U.
Fyzický popis: 1 partitura (9 s.)
Hudebniny Hudebniny
Uloženo v:
LEADER 00863ncm a22002412a 4500
001 001274008
003 CZ BrMZK
005 20150821085551.0
007 qu
008 130111s1900 xr |||||||||||||||||zxx d
040 |a BOA001  |b cze 
072 7 |a 786  |x Hudba pro klávesové nástroje  |2 Konspekt  |9 9 
100 1 |a Procházka, Jan,  |d 1853-1931  |7 hka0075958  |4 cmp 
245 1 0 |a Naší mládeži  |h [hudebnina] :  |b op. 12 : dětské album v klíči /  |c složil Jan Procházka 
260 |a Praha :  |b Mojmír Urbánek,  |c [1900?] 
300 |a 1 partitura (9 s.) 
490 1 |a Edition M. U. ;  |v č. 493 
510 4 |a [Winiker, C.: Haupt-Katalog der Musikalien-Leih-Anstalt,  |c 58965] 
830 0 |a Edition M. U. 
910 |a BOA001  |b Mus4-0210.238 
990 |a MU 
991 |b 201301 
996 6 |b 2619518000  |c Mus4-0210.238  |l MZK  |r Sklad / do 1 hodiny  |n 0  |p W  |w 001308215  |u 000010  |a 1  |e BOA001  |j MZK50  |s P